[Event "Let's Play Chess!"]
[Site "http://www.queenalice.com/game.php?id=1579267"]
[Date "2019.8.3"]
[Round "-"]
[White "igorjava"]
[Black "armbar"]
[Result "0-1"]
[WhiteElo "2028"]
[BlackElo "2120"]

1. e4 e5 2. f4 exf4 3. Nf3 g5 4. h3 d6 5. Bc4 Be6 6. Bb3 Nd7 7. d4 c6 8. c4 Ndf6
9. Nxg5 Qa5+ 10. Nc3 Qxg5 11. Qf3 Qh4+ 12. Qf2 Qxf2+ 13. Kxf2 Nh5 14. Kf3 Bh6
15. Ne2 Ne7 16. Nxf4 Nxf4 17. Bxf4 Bxf4 18. Kxf4 Rg8 19. Rhg1 Ng6+ 20. Ke3 Ke7
21. g4 Rg7 22. d5 Bd7 23. Rae1 c5 24. Bc2 Ne5 25. b3 a6 26. a4 b5 27. cxb5 axb5
28. axb5 Bxb5 29. Ra1 Rgg8 30. Rgf1 h6 31. Rg1 Kf6 32. Kf4 Nd3+ 33. Ke3 Nb4 34.
Kd2 Nxc2 35. Kxc2 Ra6 36. Rxa6 Bxa6 37. Kd2 Ra8 38. Ke3 Kg5 39. Kf3 Rf8 40. Rh1
f6 41. h4+ Kg6 42. Ra1 Ra8 43. Kf4 Bb7 44. Rxa8 Bxa8 45. h5+ Kg7 46. Ke3 Bb7 47.
Kd2 Bc8 48. Kc3 Bxg4 49. b4 cxb4+ 50. Kxb4 Bxh5 51. Kb5 Bf3 52. Kc6 Bxe4 53.
Kxd6 Bf5 54. Ke7 h5 55. d6 h4 56. d7 Bxd7 57. Kxd7 h3 0-1

[Event "Let's Play Chess!"]
[Site "http://www.queenalice.com/game.php?id=1579268"]
[Date "2019.8.3"]
[Round "-"]
[White "armbar"]
[Black "igorjava"]
[Result "1-0"]
[WhiteElo "2109"]
[BlackElo "2061"]

1. e4 c5 2. Nf3 d6 3. d4 cxd4 4. c3 dxc3 5. Nxc3 h6 6. Be2 Nf6 7. O-O e6 8. e5
dxe5 9. Qxd8+ Kxd8 10. Nxe5 a6 11. Nxf7+ Kc7 12. Bf4+ Kd7 13. Nxh8 Nc6 14. Ng6
Ke8 15. Nxf8 Kxf8 16. Bd6+ Kf7 17. Bf3 Bd7 18. Bxc6 Bxc6 19. h3 Ne8 20. Rfd1
Nxd6 21. Rxd6 Ke7 22. Rad1 Rf8 23. R6d4 g5 24. Re1 Rf6 25. Nd5+ Bxd5 26. Rxd5
Rf4 27. f3 Rb4 28. Re2 Rc4 29. Kf2 Rc7 30. Kg3 Kf6 31. Rd8 Re7 32. Kg4 Kg6 33.
h4 h5+ 34. Kg3 e5 35. Rd6+ Kf5 36. Rh6 gxh4+ 37. Kxh4 1-0

[Event "AUTO-MASTER-2868"]
[Site "http://www.queenalice.com/game.php?id=1580056"]
[Date "2019.8.12"]
[Round "1"]
[White "junipero"]
[Black "armbar"]
[Result "0-1"]
[WhiteElo "2158"]
[BlackElo "2093"]

1. d4 Nf6 2. c4 e5 3. e3 exd4 4. exd4 Bb4+ 5. Nc3 O-O 6. Bd2 Re8+ 7. Be2 d5 8.
cxd5 Bxc3 9. bxc3 Qxd5 10. Nf3 Bg4 11. O-O Nc6 12. c4 Qe6 13. Re1 Bxf3 14. Bxf3
Qxc4 15. Rc1 Rxe1+ 16. Bxe1 Qxd4 17. Bxc6 Qxd1 18. Rxd1 bxc6 19. Ba5 Nd5 20. Rc1
Rd8 21. g3 Rd6 22. Re1 Kf8 23. Rb1 Ke8 24. Rb8+ Kd7 25. Ra8 c5 26. Rxa7 Rc6 27.
Rb7 c4 28. Bd2 Rb6 29. Rxb6 cxb6 30. a4 Kc6 31. Kf1 Kc5 32. Ke2 c3 33. Bc1 Kc4
34. Be3 Nxe3 35. fxe3 Kb3 36. Kd1 Kb2 0-1

[Event "AUTO-MASTER-2868"]
[Site "http://www.queenalice.com/game.php?id=1580057"]
[Date "2019.8.12"]
[Round "1"]
[White "armbar"]
[Black "junipero"]
[Result "0-1"]
[WhiteElo "2106"]
[BlackElo "2148"]

1. e4 c5 2. Nf3 Nc6 3. Bb5 d6 4. O-O e5 5. c3 Bd7 6. Re1 Nf6 7. d4 cxd4 8. cxd4
exd4 9. Nxd4 a6 10. Nxc6 bxc6 11. e5 dxe5 12. Rxe5+ Be7 13. Be2 O-O 14. Bg5 h6
15. Be3 Nd5 16. Qb3 Bf6 17. Re4 Rb8 18. Qd1 Bxb2 19. Nd2 Nc3 0-1

[Event "AUTO-MASTER-2868"]
[Site "http://www.queenalice.com/game.php?id=1580070"]
[Date "2019.8.12"]
[Round "1"]
[White "Scharlatan"]
[Black "armbar"]
[Result "1-0"]
[WhiteElo "2230"]
[BlackElo "2125"]

1. e4 c5 2. Nf3 g6 3. d4 cxd4 4. Qxd4 Nf6 5. e5 Nc6 6. Qd1 Ng4 7. Bf4 Bg7 8. Qe2
Qc7 9. Nc3 Ncxe5 10. O-O-O d6 11. h3 Nh6 12. Qe3 Nf5 13. Qe4 Bd7 14. Nd5 Qc8 15.
Nxe5 dxe5 16. Bxe5 Bxe5 17. Qxe5 O-O 18. Nxe7+ Nxe7 19. Qxe7 Bf5 20. Bd3 Re8 21.
Bxf5 Qxf5 22. Qxb7 Qf4+ 23. Kb1 Rab8 24. Qf3 Rxb2+ 25. Kxb2 Qe5+ 26. c3 Rb8+ 27.
Kc2 Qb5 28. Qf4 Qb2+ 29. Kd3 Rd8+ 30. Ke4 Qc2+ 31. Kf3 Rxd1 32. Rxd1 Qxd1+ 33.
Kg3 Qd3+ 34. Qe3 1-0

[Event "AUTO-MASTER-2868"]
[Site "http://www.queenalice.com/game.php?id=1580071"]
[Date "2019.8.12"]
[Round "1"]
[White "armbar"]
[Black "Scharlatan"]
[Result "0-1"]
[WhiteElo "2147"]
[BlackElo "2224"]

1. e4 c5 2. Nf3 d6 3. d4 cxd4 4. Nxd4 Nf6 5. Nc3 a6 6. Bg5 e6 7. f4 h6 8. Bh4
Qb6 9. Qd3 Qxb2 10. Rb1 Qa3 11. Bxf6 gxf6 12. Be2 Nd7 13. O-O Nc5 14. Qc4 Bd7
15. Nb3 Rc8 16. e5 d5 17. Nxd5 exd5 18. Qxd5 Bc6 19. Qd1 fxe5 20. fxe5 Nxb3 21.
Bh5 Qc5+ 22. Kh1 Bd5 23. Rxb3 Bxb3 24. cxb3 Rc7 25. e6 Bd6 26. Bxf7+ Kd8 27. Qf3
Qe5 28. g3 Rf8 0-1

[Event "Let's Play Chess!"]
[Site "http://www.queenalice.com/game.php?id=1581224"]
[Date "2019.8.24"]
[Round "-"]
[White "armbar"]
[Black "igorjava"]
[Result "1-0"]
[WhiteElo "2129"]
[BlackElo "2007"]

1. e4 c5 2. Nf3 d6 3. d4 cxd4 4. c3 dxc3 5. Nxc3 a6 6. Bc4 e6 7. O-O Be7 8. Ne1
b5 9. Bb3 Nf6 10. e5 dxe5 11. Qxd8+ Bxd8 12. Bg5 O-O 13. Nd3 Bc7 14. Rfe1 Nbd7
15. Rac1 Bb7 16. Nxb5 axb5 17. Rxc7 Bd5 18. Bxd5 exd5 19. Nxe5 Nxe5 20. Rxe5
Rxa2 21. Rc2 Ra1+ 22. Rc1 Rxc1+ 23. Bxc1 Ra8 24. f3 Ra1 25. Re1 d4 26. Kf1 Rb1
27. Bf4 Rxb2 28. Be5 Rb4 29. Rd1 Nd7 30. Bxd4 Rc4 31. Be5 Nf6 32. Rd8+ 1-0

[Event "Let's Play Chess!"]
[Site "http://www.queenalice.com/game.php?id=1581225"]
[Date "2019.8.24"]
[Round "-"]
[White "igorjava"]
[Black "armbar"]
[Result "0-1"]
[WhiteElo "1996"]
[BlackElo "2137"]

1. e4 e5 2. f4 exf4 3. Nf3 g5 4. h3 d6 5. Bc4 Qe7 6. d3 Nc6 7. Nc3 Be6 8. Bxe6
fxe6 9. Ne2 Bg7 10. c3 O-O-O 11. Bd2 Ne5 12. Qa4 Nxd3+ 13. Kf1 d5 14. exd5 Rxd5
15. Qxa7 Qc5 16. Qxc5 Nxc5 17. Ned4 Bxd4 18. cxd4 Ne4 19. Be1 Nh6 20. Ke2 Nf5
21. Kd3 Nc5+ 22. Kc4 Ne3+ 23. Kc3 Nd7 24. Rg1 e5 25. Bf2 exd4+ 26. Nxd4 Rc5+ 27.
Kb3 Re8 28. Rae1 Rd5 29. Nf3 Nc5+ 30. Kc3 Rd3+ 31. Kb4 Re4+ 32. Kb5 c6+ 33. Kxc5
Rd5+ 34. Kb6 Rb5+ 0-1

[Event "AUTO-MASTER-2851"]
[Site "http://www.queenalice.com/game.php?id=1583062"]
[Date "2019.9.10"]
[Round "2"]
[White "Tamise"]
[Black "armbar"]
[Result "1-0"]
[WhiteElo "2252"]
[BlackElo "2108"]

1. Nf3 c5 2. c4 Nc6 3. b3 e5 4. Bb2 d6 5. Nc3 g6 6. g3 Bg7 7. d3 Nge7 8. Bg2 O-O
9. O-O Be6 10. Ng5 Rb8 11. Nxe6 fxe6 12. Ne4 b6 13. Ng5 Rf6 14. f4 Nd4 15. e3
Ndf5 16. Qe2 h6 17. fxe5 Nxg3 18. hxg3 Rxf1+ 19. Rxf1 hxg5 20. Qf3 Nf5 21. e4
Nh6 22. Bh3 1-0

[Event "AUTO-MASTER-2851"]
[Site "http://www.queenalice.com/game.php?id=1583063"]
[Date "2019.9.10"]
[Round "2"]
[White "armbar"]
[Black "Tamise"]
[Result "0-1"]
[WhiteElo "2116"]
[BlackElo "2244"]

1. e4 c6 2. d4 d5 3. e5 Bf5 4. Nf3 e6 5. Be2 c5 6. Be3 cxd4 7. Nxd4 Ne7 8. c4
Nbc6 9. Nc3 Nxd4 10. Bxd4 dxc4 11. Qa4+ Nc6 12. O-O-O Bd3 13. Bxd3 cxd3 14. Rxd3
Qg5+ 15. Kb1 Be7 16. Rg3 Qf5+ 17. Ka1 O-O 18. Be3 Nxe5 19. Rd1 Rfd8 20. Rxd8+
Rxd8 21. a3 a6 22. Qf4 Qxf4 23. Bxf4 Ng6 24. Bc7 Rd7 25. Bb6 h5 26. Ne4 Nf4 27.
Nc3 g6 28. Be3 Nd5 29. Nxd5 Rxd5 30. Kb1 Kg7 0-1

[Event "AUTO-MASTER-2851"]
[Site "http://www.queenalice.com/game.php?id=1583064"]
[Date "2019.9.10"]
[Round "2"]
[White "JailtonMaster"]
[Black "armbar"]
[Result "1-0"]
[WhiteElo "2148"]
[BlackElo "2137"]

1. d4 Nf6 2. c4 g6 3. Nf3 Bg7 4. Nc3 O-O 5. Bf4 d6 6. e4 Nbd7 7. Rc1 Re8 8. Be2
Nh5 9. Be3 e5 10. d5 c6 11. dxc6 bxc6 12. Qxd6 Re6 13. Qd2 Qe7 14. Rd1 Nf4 15.
Bxf4 exf4 16. Nd4 Rd6 17. Nf5 gxf5 18. Qxd6 Bxc3+ 19. bxc3 Qg5 20. Qxc6 Rb8 21.
Bf3 Qe7 22. O-O Ne5 23. Qh6 Nxf3+ 24. gxf3 Rb6 25. Qxf4 fxe4 26. Qxe4 Rg6+ 27.
Kh1 Bb7 28. Rd5 Bxd5 29. cxd5 Qg5 30. Qg4 Qxd5 31. Qe4 Qg5 32. f4 Qc5 33. Qe8+
Qf8 34. Qxf8+ Kxf8 35. Re1 Rc6 36. Re3 Ra6 37. Re2 Ra5 38. Kg2 Kg7 39. Kf3 Ra3
40. Rc2 f5 41. h4 Kg6 42. Kg3 Kh5 43. f3 Ra5 44. c4 Rc5 45. a4 a5 46. Rd2 h6 47.
Rd5 Rxd5 48. cxd5 Kg6 49. Kf2 1-0

[Event "AUTO-MASTER-2851"]
[Site "http://www.queenalice.com/game.php?id=1583065"]
[Date "2019.9.10"]
[Round "2"]
[White "armbar"]
[Black "JailtonMaster"]
[Result "1-0"]
[WhiteElo "2153"]
[BlackElo "2125"]

1. e4 d5 2. exd5 Qxd5 3. Nf3 Bg4 4. Be2 c5 5. Nc3 Qd8 6. O-O Nc6 7. d4 cxd4 8.
Nxd4 Bxe2 9. Ncxe2 Nxd4 10. Qxd4 Qxd4 11. Nxd4 a6 12. Be3 e6 13. Nb3 Nf6 14.
Rad1 Be7 15. Rd4 O-O 16. h3 Rac8 17. c3 Nd5 18. Rd3 Nxe3 19. fxe3 Rfd8 20. Rfd1
Rxd3 21. Rxd3 Bg5 22. Kf2 Rd8 23. Rxd8+ Bxd8 24. Nc5 Kf8 25. Nxb7 Bb6 26. Nd6
Bc7 27. Ne4 Ke7 28. b3 Bb6 29. b4 f5 30. Ng5 h6 31. Nf3 Kd6 32. c4 Ke7 33. Nd4
f4 34. c5 Bc7 35. a4 fxe3+ 36. Kxe3 g6 37. Ke4 Kf6 38. b5 axb5 39. Nxb5 Ba5 40.
c6 1-0

[Event "AUTO-MASTER-2877"]
[Site "http://www.queenalice.com/game.php?id=1583813"]
[Date "2019.9.17"]
[Round "1"]
[White "jpribeiro"]
[Black "armbar"]
[Result "0-1"]
[WhiteElo "2072"]
[BlackElo "2100"]

1. e4 e5 2. Nf3 Nc6 3. Bb5 g6 4. O-O Bg7 5. c3 a6 6. Bxc6 dxc6 7. h3 Ne7 8. d3
O-O 9. Bg5 h6 10. Be3 Bd7 11. Nbd2 b6 12. Nc4 f6 13. Qd2 Kh7 14. Kh2 Be6 15. Na3
Rf7 16. Nc2 Qd7 17. Rad1 Raf8 18. Ng1 f5 19. exf5 Nxf5 20. Nf3 Nxe3 21. Nxe3
Bxh3 22. Ng1 Be6 23. b3 e4 24. d4 h5 25. f3 Qd6+ 26. Kh1 Bh6 27. Qe2 Qg3 28. Qe1
h4 29. Qxg3 hxg3 30. Nc2 Bg4 31. Rde1 exf3 32. Nxf3 Bxf3 33. gxf3 Bf4 34. Kg2 g5
35. Rh1+ Kg6 0-1

[Event "AUTO-MASTER-2877"]
[Site "http://www.queenalice.com/game.php?id=1583814"]
[Date "2019.9.17"]
[Round "1"]
[White "armbar"]
[Black "jpribeiro"]
[Result "1-0"]
[WhiteElo "2143"]
[BlackElo "2081"]

1. c4 e5 2. Nc3 Nc6 3. Nf3 Nf6 4. g3 Be7 5. Bg2 O-O 6. O-O Na5 7. d4 exd4 8.
Qxd4 Nc6 9. Qd1 h6 10. e4 Re8 11. Ne1 Bf8 12. Qc2 Nd4 13. Qd3 c5 14. Nc2 Nxc2
15. Qxc2 b6 16. e5 Ba6 17. exf6 Bxc4 18. Bxa8 Bxf1 19. Be4 Bh3 20. Bf4 Qxf6 21.
Bg2 Bf5 22. Qd2 g5 23. Be3 d6 24. Rf1 Be6 25. f4 gxf4 26. Rxf4 Qd8 27. Nd5 Bxd5
28. Bxd5 Re7 29. Rg4+ Bg7 30. Bxh6 1-0

[Event "AUTO-MASTER-2877"]
[Site "http://www.queenalice.com/game.php?id=1583827"]
[Date "2019.9.17"]
[Round "1"]
[White "Fredo"]
[Black "armbar"]
[Result "1-0"]
[WhiteElo "1987"]
[BlackElo "2164"]

1. e4 e5 2. Nf3 Nc6 3. Bb5 a6 4. Ba4 Nf6 5. O-O Be7 6. Re1 b5 7. Bb3 O-O 8. c3
d6 9. d4 Bg4 10. Bc2 Qd7 11. d5 Nd8 12. Nbd2 Nb7 13. Nf1 Nc5 14. Ng3 c6 15. dxc6
Qxc6 16. h3 Bxf3 17. Qxf3 g6 18. Bh6 Rfe8 19. Rad1 Rad8 20. Nf1 Bf8 21. Bg5 Nh5
22. Bxd8 Rxd8 23. Ne3 Qb7 24. Nd5 Be7 25. g4 Ng7 26. b4 Nce6 27. Bb3 Rf8 28. Rd2
Bg5 29. Rde2 Nf4 30. Nxf4 Bxf4 31. Bd5 Qd7 32. Rc2 Ne6 33. Ra1 Rc8 34. Rd1 Qe7
35. Qg2 Kg7 36. Ra1 Rc7 37. a4 Ra7 38. axb5 axb5 39. Rca2 Rxa2 40. Rxa2 Qc7 41.
Qf3 Qe7 42. Qe2 Ng5 43. Kg2 h5 44. gxh5 Kh6 45. Qxb5 Kxh5 46. Qe2+ Kh6 47. Ra8
Qf6 48. Qg4 1-0

[Event "AUTO-MASTER-2877"]
[Site "http://www.queenalice.com/game.php?id=1583828"]
[Date "2019.9.17"]
[Round "1"]
[White "armbar"]
[Black "Fredo"]
[Result "1-0"]
[WhiteElo "2136"]
[BlackElo "1960"]

1. c4 Nf6 2. Nc3 d5 3. cxd5 Nxd5 4. g3 Nxc3 5. bxc3 g6 6. Bg2 Bg7 7. Rb1 Nc6 8.
Nf3 O-O 9. O-O Rb8 10. d4 Bg4 11. Re1 Na5 12. h3 Bxf3 13. Bxf3 c6 14. e4 Nc4 15.
Be2 Nd6 16. e5 Nf5 17. Bd3 e6 18. Ba3 Re8 19. Bxf5 gxf5 20. Bd6 b5 21. Bxb8 Qxb8
22. a4 a6 23. Qd3 Kh8 24. Rb3 Rd8 25. Reb1 f6 26. f4 fxe5 27. fxe5 Qc7 28. Qe2
Rg8 29. c4 Bf8 30. axb5 axb5 31. cxb5 cxb5 32. Qxb5 Qg7 33. Rf1 Be7 34. Qd7 h5
35. Qxe6 h4 36. Qxf5 hxg3 37. Qh5+ 1-0

[Event "AUTO-MASTER-2877"]
[Site "http://www.queenalice.com/game.php?id=1583835"]
[Date "2019.9.17"]
[Round "1"]
[White "rmvwoods"]
[Black "armbar"]
[Result "1-0"]
[WhiteElo "2108"]
[BlackElo "2111"]

1. d4 Nf6 2. c4 g6 3. g3 Bg7 4. Bg2 d5 5. cxd5 Nxd5 6. Nf3 Nb6 7. O-O Nc6 8. e3
O-O 9. Nc3 Re8 10. d5 Na5 11. Nd4 e5 12. Ndb5 a6 13. Na3 Nac4 14. Nxc4 Nxc4 15.
b3 Nd6 16. Bb2 e4 17. Qc2 f5 18. Rac1 Bd7 19. Rfe1 Rc8 20. Ne2 Bxb2 21. Qxb2 c6
22. Nc3 Nb5 23. dxc6 Bxc6 24. Red1 Qe7 25. Nd5 Bxd5 26. Rxd5 Rxc1+ 27. Qxc1 Qe6
28. Rc5 Na7 29. Bf1 b5 30. a4 Qxb3 31. axb5 Kf8 32. bxa6 Rd8 33. Qc2 Qxc2 34.
Rxc2 Ke7 35. h4 Rc8 36. Rb2 Rc7 37. Rb7 Rxb7 38. axb7 Nc6 39. Bb5 Nb8 40. Bc4
Kf8 41. Kg2 Kg7 42. f3 exf3+ 43. Kxf3 Kf6 44. Kf4 h6 45. Bb5 g5+ 46. hxg5+ hxg5+
47. Kf3 Ke5 48. Bd3 Nc6 49. e4 g4+ 50. Ke3 fxe4 51. Bxe4 Nb8 52. Kd3 Nd7 53. Bh1
Nc5+ 54. Kc4 Na6 55. Kb5 Nb8 56. Kb6 Kd4 57. Ka7 Nd7 58. Bc6 1-0

[Event "AUTO-MASTER-2877"]
[Site "http://www.queenalice.com/game.php?id=1583836"]
[Date "2019.9.17"]
[Round "1"]
[White "armbar"]
[Black "rmvwoods"]
[Result "0-1"]
[WhiteElo "2147"]
[BlackElo "2171"]

1. c4 e5 2. Nc3 Nf6 3. Nf3 Nc6 4. g3 Bb4 5. Bg2 O-O 6. a3 Bxc3 7. bxc3 d6 8. d3
e4 9. Ng5 exd3 10. exd3 Re8+ 11. Kf1 Bg4 12. f3 Bh5 13. Kf2 h6 14. Nh3 Re6 15.
Nf4 Re7 16. Nd5 Nxd5 17. cxd5 Ne5 18. Bf4 c6 19. Bxe5 Rxe5 20. dxc6 Qb6+ 21. d4
Qb2+ 0-1